Countries With 100 Million People in 2100 - Statistics

General Stats
  • This quiz has been taken 104 times
    67 since last reset
  • The average score is 19 of 22
Answer Stats
Population Country % Correct
1,064,993,459 China
100%
1,450,420,839 India
100%
433,853,891 United States
98%
403,102,827 Pakistan
97%
164,947,332 Niger
95%
732,941,597 Nigeria
95%
126,142,656 Russia
95%
151,393,020 Bangladesh
91%
180,682,756 Brazil
91%
320,782,424 Indonesia
91%
141,509,743 Mexico
91%
224,735,180 Egypt
88%
294,392,896 Ethiopia
88%
285,651,848 Tanzania
84%
362,031,082 Democratic Republic of Congo
83%
125,423,854 Kenya
83%
142,342,349 Sudan
81%
123,646,947 Mozambique
79%
146,327,435 Philippines
78%
188,283,138 Angola
74%
136,784,883 Uganda
72%
107,711,273 Iraq
67%
No matching quizzes found
Score Distribution
Percent of People with Each Score
Percentile by Number Answered
Your Score History
You have not taken this quiz since the last reset